[Event "TUR-chT Clubs"]
[Site "Konya"]
[Date "2019.07.17"]
[Round "3.20"]
[White "Koc, Mert"]
[Black "Basaran, Cahit"]
[Result "0-1"]
[WhiteElo "1679"]
[BlackElo "1838"]
[PlyCount "58"]
[EventDate "2019.07.16"]
[EventType "team-swiss"]
[EventRounds "9"]
[EventCountry "TUR"]
[SourceTitle "CBM 191 Extra"]
[Source "ChessBase"]
[SourceDate "2019.09.30"]
[SourceVersion "1"]
[SourceVersionDate "2019.09.30"]
[SourceQuality "1"]
[WhiteTeam "Baglarbasi"]
[BlackTeam "Erzurum Egitim Merkezi"]
[WhiteTeamCountry "TUR"]
[BlackTeamCountry "TUR"]

1. d4 d5 2. c4 e6 3. Nc3 Nf6 4. Bf4 c6 5. Nf3 Nbd7 6. e3 Qa5 7. Qc2 Bb4 8. Nd2 h6 9. h3 0-0 10. Bd3 Re8 11. 0-0 e5 12. dxe5 Nxe5 13. Nb3 Qd8 14. Rfd1 Nxd3 15. Qxd3 Bxc3 16. bxc3 Qe7 17. cxd5 Nxd5 18. Bg3 Be6 19. Nd4 Rad8 20. Qc2 Bc8 21. Rab1 Qg5 22. Kh2 Qe7 23. c4 Nf6 24. Nf5 Bxf5 25. Qxf5 Ne4 26. Rd4 Nxg3 27. Kxg3 Rxd4 28. exd4 Qd6+ 29. Qf4 Qg6+ 0-1